<?xml version="1.0" encoding="UTF-8"?>
<marc:record xmlns:marc="http://www.loc.gov/MARC21/slim">
   <marc:leader>00000nam a2200000 a 4500</marc:leader>
   <marc:datafield ind1="1" ind2=" " tag="100">
      <marc:subfield code="a">Pagel, Maria</marc:subfield>
      <marc:subfield code="4">aut</marc:subfield>
      <marc:subfield code="e">Verfasser/-in</marc:subfield>
   </marc:datafield>
   <marc:datafield ind1=" " ind2=" " tag="653">
      <marc:subfield code="a">Altengottesdienst</marc:subfield>
   </marc:datafield>
   <marc:datafield ind1=" " ind2=" " tag="653">
      <marc:subfield code="a">Senile Demenz</marc:subfield>
   </marc:datafield>
   <marc:datafield ind1=" " ind2=" " tag="653">
      <marc:subfield code="a">Altenheim</marc:subfield>
   </marc:datafield>
   <marc:datafield ind1=" " ind2=" " tag="653">
      <marc:subfield code="a">Demenz</marc:subfield>
   </marc:datafield>
   <marc:datafield ind1=" " ind2=" " tag="653">
      <marc:subfield code="a">Pflegeheim</marc:subfield>
   </marc:datafield>
   <marc:datafield ind1=" " ind2=" " tag="653">
      <marc:subfield code="a">Beispielsammlung</marc:subfield>
   </marc:datafield>
   <marc:datafield ind1="0" ind2="0" tag="245">
      <marc:subfield code="a">Jeder Tag hat seine Würde</marc:subfield>
   </marc:datafield>
   <marc:datafield ind1="0" ind2="0" tag="245">
      <marc:subfield code="b">Gottesdienste mit dementen Menschen in Alten- und Pflegeheimen</marc:subfield>
   </marc:datafield>
   <marc:datafield ind1="0" ind2="0" tag="245">
      <marc:subfield code="c">Maria Pagel</marc:subfield>
   </marc:datafield>
   <marc:datafield ind1=" " ind2="1" tag="264">
      <marc:subfield code="a">Regensburg</marc:subfield>
      <marc:subfield code="b">Pustet</marc:subfield>
      <marc:subfield code="c">2007</marc:subfield>
   </marc:datafield>
   <marc:datafield ind1="1" ind2=" " tag="490">
      <marc:subfield code="a">Konkrete Liturgie</marc:subfield>
   </marc:datafield>
   <marc:datafield ind1="1" ind2=" " tag="520">
      <marc:subfield code="a">Angaben aus der Verlagsmeldung

Jeder Tag hat seine Würde : Gottesdienste mit dementen Menschen in Alten- und Pflegeheimen / von Maria Pagel

Mit dementen Menschen Gottesdienste zu feiern, wird zu einer immer wichtigeren Aufgabe für SeelsorgerInnen und AltenpflergerInnen. Feste Rituale, eine einfache Sprache, die Förderung der vorhandenen Fähigkeiten der Teilnehmer, ganzheitliche Gestaltung, die Beteiligung aller Sinne, das Einbeziehen einfacher, bekannter Lieder, die persönliche Zuwendung und die Gemeinschaftserfahrung im Gottesdienst sind nur einige Elemente, um an die religiösen Erfahrungen in der Biografie der Menschen anknüpfen zu können.

Dieses Buch bietet auf der Basis langjähriger praktischer Erfahrungen der Autorin und einer gediegenen Praxisreflexion ausgearbeitete Gottesdienstmodelle im Kirchenjahr sowie besondere Gottesdienste, z.B. zur Krankensalbung/Krankensegnung oder zum Ehejubiläum. Sie lassen sich in Seniorenheimen und Pflegestationen feiern, aber auch zu Hause im kleinen Kreis.

Ganzheitliche Gottesdienste im Lauf des Kirchenjahres - für katholische, evangelische und ökumenische Feiern in Seniorenheimen und Pflegestationen, aber auch zu Hause im kleinen Kreis.
</marc:subfield>
   </marc:datafield>
   <marc:datafield ind1=" " ind2=" " tag="020">
      <marc:subfield code="a">9783791720593</marc:subfield>
      <marc:subfield code="9">9783791720593</marc:subfield>
   </marc:datafield>
   <marc:datafield ind1=" " ind2=" " tag="020">
      <marc:subfield code="a">3791720597</marc:subfield>
      <marc:subfield code="9">3791720597</marc:subfield>
   </marc:datafield>
   <marc:datafield ind1=" " ind2=" " tag="041">
      <marc:subfield code="a">ger</marc:subfield>
   </marc:datafield>
   <marc:datafield ind1=" " ind2=" " tag="300">
      <marc:subfield code="a">128 S.</marc:subfield>
   </marc:datafield>
</marc:record>
